01037cam a22002411 4500001001300000003000400013005001700017008004100034010001700075035002000092040004800112042001200160050002200172100003500194245012600229260009200355300005200447490012400499500008700623504003100710650003700741999001700778gs 25000373 DLC20260227111329.0871209s1924 ag af b 000 0 spa c ags 25000373  a(OCoLC)17212346 aLibrary, U.S. Geological SurveycTxDaMdDLC apremarc00aQE231b.A35 no. 21 aWichmann, Richard,d1881-1930.10aNuevas observaciones geológicas en la parte oriental del Neuquen y en el territorio del Rio Negro,cpor R. Wichmann ... aBuenos Aires,bTalleres gráficos del Ministerio de agricultura de la nación,c1924. a22 p.bVIII pl., fold. profile, tables.c27 cm.0 a[Argentine Republic] Dirección general de minas, geología e hidrologia (Sección: Geología) Publicaciónvno. 2 aAt head of title: República Argentina. Ministerio de agricultura de la nación. a"Bibliografia ": p. 21-22. 0aGeologyzArgentinazRío Negro. c26407d26407